000 00659nam a2200169 i 4500
001 36309
003 ES-MaACL
005 20230906155338.0
007 t|
008 030217s1906 sp ||||1| spa d
100 1 _aBrusola Tellez, Mariano.
_932228
245 1 0 _aMedios y agentes de expansión económica
_b: memoria presentada /
_cpor Mariano Brusola Téllez.
260 _aMadrid :
_b[s.n.,
_c1906] (
_fImp. del Asilo de Huérfanos del S. C. de Jesús)
300 _a42 p. :
_b2 h. gráf. pleg. ;
_c27 cm.
711 2 _aCongreso Internacional de Expansión Económica Mundial (
_d1905.
_cMons)
_9139436
852 _aES-MaACL
_jL-4914 (22-7)
999 _c36309
_d36309